000 00438nam a22001577a 4500
005 20251108163347.0
008 250721s1985 xx 000 0 ara d
082 1 4 _a371.334/رما
100 1 _aالرماحي، سامي كاظم حسن
245 1 0 _aالكمبيوتر في المدارس /
264 1 _aبيروت :
_bدار الراتب،
_c1985.
300 _a2ج.
650 1 7 _aالحواسيب
942 _2ddc
_cBK
999 _c726
_d726